000 00368 a2200157 4500
003 NUST
005 20230131161052.0
040 _cNust
082 _a942,DOD
100 _aDoddas, Elliott
_9108305
245 _aLets Try Liberalism /
_cElliott Dodds
260 _aLodon
_bOxford
_c1944
300 _a154:p.
650 _a Liberalism
_98362
942 _2ddc
_cBK
_k942,DOD
999 _c187283
_d187283